[Event "20. Torneo San Viator 2013"]
[Site "Madrid ESP"]
[Date "2013.05.19"]
[Round "6.22"]
[White "Bermejo Redondo, Oscar"]
[Black "Insua Rodriguez, Antonio"]
[Result "1-0"]
[WhiteElo "1896"]
[BlackElo "1576"]
[PlyCount "57"]
[EventDate "2013.04.07"]
[EventType "swiss"]
[EventRounds "9"]
[EventCountry "ESP"]
[Source "lmi"]
[SourceDate "2013.04.07"]

1. Nf3 d5 2. d4 Nf6 3. c4 e6 4. g3 dxc4 5. Bg2 Nc6 6. O-O Bd6 7. Qc2 b5 8. Nc3
Rb8 9. e4 e5 10. dxe5 Nxe5 11. Nxe5 Bxe5 12. Rd1 Qe7 13. Be3 c6 14. f4 Ng4 15.
Qd2 Nxe3 16. Qxe3 Bc7 17. Kh1 O-O 18. Qxa7 Rb7 19. Qf2 Bb6 20. Qc2 Rd8 21. e5
Rxd1+ 22. Rxd1 Qc5 23. Ne4 Qe3 24. Nd6 Rd7 25. Nxc8 Rxd1+ 26. Qxd1 Bd4 27. Ne7+
Kf8 28. Nf5 Qd3 29. Qxd3 1-0

[Event "20. Torneo San Viator 2013"]
[Site "Madrid ESP"]
[Date "2013.05.19"]
[Round "6.23"]
[White "Sanz Miranda, Fernando"]
[Black "Brasa Olmos, Joaquin"]
[Result "0-1"]
[WhiteElo "1677"]
[BlackElo "1542"]
[PlyCount "136"]
[EventDate "2013.04.07"]
[EventType "swiss"]
[EventRounds "9"]
[EventCountry "ESP"]
[Source "lmi"]
[SourceDate "2013.04.07"]

1. c4 e6 2. Nc3 Nf6 3. g3 Be7 4. d3 O-O 5. Bg2 c6 6. e4 e5 7. Nf3 d6 8. Bg5
Nbd7 9. Nh4 h6 10. Be3 Nh7 11. Nf5 Bg5 12. Bxg5 Nxg5 13. Nxd6 Ne6 14. Nf5 Nf6
15. Qd2 Re8 16. Rd1 Nd4 17. Nxd4 Qxd4 18. f4 Bg4 19. Ne2 Qb6 20. b3 exf4 21.
Qxf4 Rad8 22. Rd2 Bxe2 23. Kxe2 Rd4 24. Rf1 Qc5 25. Qc7 Qh5+ 26. Ke3 Qc5 27.
Ke2 Rd7 28. Qf4 b5 29. Qf5 Re5 30. Qf2 bxc4 31. Qxc5 cxd3+ 32. Rxd3 Rxc5 33.
Rxd7 Nxd7 34. Rd1 Ne5 35. Rd2 Kf8 36. h3 Ke7 37. Ke3 f6 38. Bf1 Rc3+ 39. Kf2
Rf3+ 40. Kg2 Re3 41. Re2 Rc3 42. Rd2 h5 43. Kf2 g5 44. Bg2 Nd3+ 45. Ke2 Ne5 46.
Kf2 Rd3 47. Re2 a5 48. Re3 Rd2+ 49. Re2 Rd4 50. Ke3 c5 51. Rd2 Rxd2 52. Kxd2
Kd6 53. Kc3 Kc6 54. a4 Kd7 55. Bf1 Kd6 56. Be2 h4 57. g4 Ng6 58. Bf1 Nf4 59.
Kd2 Ke5 60. Ke3 Ke6 61. Kd2 Ke5 62. Ke3 Ne6 63. Bc4 Nd4 64. Bd5 Nc2+ 65. Kf3
Nb4 66. Bc4 Kd4 67. Bb5 Nc2 68. Bc4 Kc3 0-1

[Event "20. Torneo San Viator 2013"]
[Site "Madrid ESP"]
[Date "2013.05.19"]
[Round "6.24"]
[White "Jaumandreu Llopis, Antonio"]
[Black "Moreno Sanchez, Guillermo"]
[Result "1-0"]
[WhiteElo "1590"]
[BlackElo "1664"]
[PlyCount "55"]
[EventDate "2013.04.07"]
[EventType "swiss"]
[EventRounds "9"]
[EventCountry "ESP"]
[Source "lmi"]
[SourceDate "2013.04.07"]

1. e4 c5 2. d4 cxd4 3. c3 dxc3 4. Nxc3 d6 5. Nf3 Nc6 6. Bc4 e6 7. O-O Nf6 8.
Qe2 a6 9. Rd1 Qc7 10. Bf4 Nh5 11. Nd5 exd5 12. exd5+ Qe7 13. Qd2 Ne5 14. Bxe5
dxe5 15. Nxe5 Qd6 16. Qg5 g6 17. Re1 Be7 18. Nf3 Nf6 19. Qe3 Bf5 20. Nd2 b5 21.
Bb3 Rc8 22. Re2 Rc7 23. Rae1 Ng4 24. Qg3 Qxg3 25. hxg3 Rd7 26. d6 Rxd6 27.
Rxe7+ Kf8 28. Rxf7+ 1-0

[Event "20. Torneo San Viator 2013"]
[Site "Madrid ESP"]
[Date "2013.05.19"]
[Round "6.25"]
[White "Mateos Cordero, Francisco"]
[Black "Rodriguez Alonso, Marcos"]
[Result "0-1"]
[WhiteElo "1556"]
[BlackElo "1637"]
[PlyCount "136"]
[EventDate "2013.04.07"]
[EventType "swiss"]
[EventRounds "9"]
[EventCountry "ESP"]
[Source "lmi"]
[SourceDate "2013.04.07"]

1. d4 d5 2. c4 e6 3. Nc3 Bb4 4. Qa4+ Nc6 5. e3 Nf6 6. Bd2 O-O 7. Nf3 Bd7 8. Qc2
Qe7 9. Bd3 dxc4 10. Bxc4 Rad8 11. O-O Bxc3 12. Bxc3 Nd5 13. a3 Nxc3 14. Qxc3
Rfe8 15. Rac1 Qf6 16. Bd3 Rc8 17. Be4 Qe7 18. Rfd1 Red8 19. Ne1 Be8 20. Nd3 f6
21. Nc5 Rb8 22. Nxb7 Rxb7 23. Bxc6 Bxc6 24. Qxc6 Rxb2 25. Qxc7 Rb7 26. Qc5 Qxc5
27. Rxc5 Rb3 28. Ra1 Rdb8 29. g3 Kf7 30. a4 Ke7 31. Rb5 R3xb5 32. axb5 Kd6 33.
Ra6+ Kd5 34. Kf1 e5 35. dxe5 Kxe5 36. Ra5 Kd6 37. Ke2 Kc5 38. f4 Kb4 39. Ra1
Kxb5 40. e4 Kc5 41. Ke3 Rb3+ 42. Kf2 Rb2+ 43. Kf3 Rb7 44. Ra3 Kb4 45. Ra1 Kc5
46. Kg4 g6 47. h4 Rf7 48. Kf3 Kb4 49. Ra6 Kb5 50. Ra1 a5 51. Ke3 Rd7 52. g4 a4
53. e5 fxe5 54. fxe5 Ra7 55. Kd4 Kc6 56. Ra3 Ra5 57. h5 Kd7 58. hxg6 hxg6 59.
Ke4 Ke6 60. Kf4 Ra6 61. Ke4 g5 62. Kd4 Ra5 63. Ke3 Kxe5 64. Kf3 Kd4 65. Kf2 Kc4
66. Ra1 a3 67. Ke2 a2 68. Kd1 Kb3 0-1

[Event "20. Torneo San Viator 2013"]
[Site "Madrid ESP"]
[Date "2013.05.19"]
[Round "6.26"]
[White "Perez Carballeira, Francisco"]
[Black "Casado Salvo, Jose Maria"]
[Result "1/2-1/2"]
[WhiteElo "1609"]
[BlackElo "1758"]
[PlyCount "126"]
[EventDate "2013.04.07"]
[EventType "swiss"]
[EventRounds "9"]
[EventCountry "ESP"]
[Source "lmi"]
[SourceDate "2013.04.07"]

1. d4 f5 2. c4 e6 3. Nc3 c6 4. Bf4 Nf6 5. e3 d5 6. cxd5 cxd5 7. Bb5+ Bd7 8.
Nge2 a6 9. Bd3 Be7 10. O-O O-O 11. Rc1 Nc6 12. a3 Nh5 13. h3 Nxf4 14. Nxf4 g5
15. Nfe2 Kh8 16. g3 Rg8 17. Kh1 Qf8 18. Kg2 Bd6 19. Rh1 Rg7 20. f4 Ne7 21. Qf1
gxf4 22. exf4 Ng6 23. Kf2 Kg8 24. Ke1 b5 25. Na2 b4 26. axb4 Bxb4+ 27. Nec3 Qb8
28. Qe2 Nf8 29. g4 Bxc3+ 30. bxc3 Qxf4 31. gxf5 exf5 32. Qf2 Re7+ 33. Kf1 Qxf2+
34. Kxf2 a5 35. c4 dxc4 36. Bxc4+ Kh8 37. Nc3 Rc8 38. Nd5 Re4 39. Nb6 Rd8 40.
Rhg1 Ng6 41. Rgd1 Nf4 42. h4 Be8 43. d5 Bh5 44. Re1 Rxc4 45. Rxc4 Nd3+ 46. Kf1
Nxe1 47. Kxe1 Rd6 48. Rc6 Rxc6 49. dxc6 Bf3 50. c7 Bb7 51. Kf2 Kg7 52. Kg3 Kg6
53. Kf4 h6 54. Na4 Kh5 55. Kxf5 Bc8+ 56. Kf4 Kxh4 57. Nc5 h5 58. Ke3 Kg4 59.
Ne4 h4 60. Kd3 h3 61. Nf2+ Kg3 62. Nxh3 Kxh3 63. Kc4 Bd7 1/2-1/2

[Event "20. Torneo San Viator 2013"]
[Site "Madrid ESP"]
[Date "2013.05.19"]
[Round "6.27"]
[White "Perez Bruni, Alfredo"]
[Black "Gil Calvente, Jose Antonio"]
[Result "0-1"]
[WhiteElo "1836"]
[BlackElo "1597"]
[PlyCount "96"]
[EventDate "2013.04.07"]
[EventType "swiss"]
[EventRounds "9"]
[EventCountry "ESP"]
[Source "lmi"]
[SourceDate "2013.04.07"]

1. e4 c5 2. c3 d5 3. e5 Nc6 4. d4 Qb6 5. Nf3 cxd4 6. cxd4 Bf5 7. a3 e6 8. Bd3
Nge7 9. O-O h6 10. b4 Bxd3 11. Qxd3 Nf5 12. Bb2 Be7 13. Nbd2 O-O 14. Nb3 Rfc8
15. Rfc1 Qd8 16. Rc2 a6 17. Rc3 Na7 18. Rxc8 Rxc8 19. Rc1 Rxc1+ 20. Bxc1 Qc7
21. Bd2 Nb5 22. a4 Na3 23. Na5 Nc4 24. Nxc4 dxc4 25. Qc2 b5 26. a5 Qc6 27. Qc3
Bf8 28. Bc1 Qe4 29. h3 Qb1 30. Qd2 Bxb4 31. Qf4 Bxa5 32. Kh2 Bd8 33. d5 exd5
34. g4 Ne7 35. e6 Qg6 36. Ne5 Qxe6 37. Qg3 Bc7 38. f4 Bxe5 39. fxe5 b4 40. g5
hxg5 41. Bxg5 Nf5 42. Qf4 b3 43. Bf6 gxf6 44. exf6 Qxf6 45. Qg4+ Qg6 46. Qe2
Qd6+ 47. Kg1 Qg3+ 48. Kh1 Ne3 0-1

[Event "20. Torneo San Viator 2013"]
[Site "Madrid ESP"]
[Date "2013.05.19"]
[Round "6.28"]
[White "Linares Leyva, David"]
[Black "Lopez Benitez, David"]
[Result "1-0"]
[WhiteElo "1904"]
[BlackElo "1746"]
[PlyCount "108"]
[EventDate "2013.04.07"]
[EventType "swiss"]
[EventRounds "9"]
[EventCountry "ESP"]
[Source "lmi"]
[SourceDate "2013.04.07"]

1. d4 Nf6 2. c4 g6 3. Nc3 Bg7 4. e3 d6 5. Bd3 O-O 6. Nge2 a5 7. O-O Na6 8. b3
Bd7 9. Bb2 Qe8 10. a3 e5 11. Qc2 b6 12. Rae1 Nh5 13. f4 f5 14. fxe5 dxe5 15.
Qb1 e4 16. Bc2 Nf6 17. Nf4 Bc6 18. d5 Bd7 19. Nce2 c5 20. dxc6 Bxc6 21. Nd4 Bd7
22. Bc3 Rc8 23. Qb2 Rf7 24. b4 a4 25. Bb1 Re7 26. Ba2 Kh8 27. Nxf5 Bxf5 28.
Bxf6 Qf7 29. Bxg7+ Qxg7 30. Qxg7+ Kxg7 31. Nd5 Rb7 32. Nc3 Re7 33. Nxa4 Be6 34.
Nxb6 Rd8 35. Nd5 Bxd5 36. cxd5 Nc7 37. Rd1 Red7 38. Rd4 Nb5 39. Rxe4 Nc3 40.
Rc4 Nxa2 41. Ra1 Nxb4 42. axb4 Rxd5 43. Ra7+ Kh6 44. Ra2 g5 45. Rb2 Rf8 46. Rc1
Rd3 47. Re1 Kg6 48. b5 Rd6 49. b6 Rb8 50. b7 Rd7 51. Rb6+ Kf5 52. Reb1 Re7 53.
Kf2 Ke4 54. Ke2 Kd5 1-0

[Event "20. Torneo San Viator 2013"]
[Site "Madrid ESP"]
[Date "2013.05.19"]
[Round "6.29"]
[White "Alfaya Marcelo, Roberto"]
[Black "Montesinos Hernandez, Alejandro"]
[Result "1-0"]
[WhiteElo "1802"]
[BlackElo "1498"]
[PlyCount "57"]
[EventDate "2013.04.07"]
[EventType "swiss"]
[EventRounds "9"]
[EventCountry "ESP"]
[Source "lmi"]
[SourceDate "2013.04.07"]

1. d4 d5 2. c4 e6 3. Nc3 Nf6 4. Bg5 Nbd7 5. e3 Be7 6. Nf3 O-O 7. cxd5 Nxd5 8.
Bxe7 Nxe7 9. Bd3 Nf6 10. O-O Bd7 11. e4 c6 12. Re1 Ng6 13. Rc1 Rc8 14. e5 Nd5
15. Ne4 h6 16. Bb1 Rc7 17. a3 Kh8 18. Nd6 Nde7 19. b4 Nf5 20. Ne4 Bc8 21. Qd2
Rd7 22. Red1 Nxd4 23. Nxd4 Rxd4 24. Qxd4 Qxd4 25. Rxd4 Nxe5 26. Rcd1 Kg8 27.
Rd8 f5 28. Nc5 Kf7 29. Rxf8+ 1-0

[Event "20. Torneo San Viator 2013"]
[Site "Madrid ESP"]
[Date "2013.05.19"]
[Round "6.30"]
[White "Sarabia Utrilla, Joaquin"]
[Black "Hidalgo Prado, David"]
[Result "1/2-1/2"]
[WhiteElo "1778"]
[BlackElo "1397"]
[PlyCount "148"]
[EventDate "2013.04.07"]
[EventType "swiss"]
[EventRounds "9"]
[EventCountry "ESP"]
[Source "lmi"]
[SourceDate "2013.04.07"]

1. d4 e6 2. c4 d5 3. Nc3 Nf6 4. Bg5 Nbd7 5. Nf3 Be7 6. e3 O-O 7. Bd3 Re8 8. h4
c6 9. h5 h6 10. cxd5 exd5 11. Qc2 Nf8 12. Ne5 Ng4 13. Bf4 Nxe5 14. dxe5 Bg5 15.
O-O-O Bxf4 16. exf4 Qa5 17. f3 d4 18. Ne4 Re7 19. Bc4 Be6 20. Nd6 Qb6 21. f5
Bd5 22. f4 Rc7 23. f6 Qc5 24. fxg7 Kxg7 25. Nf5+ Kh8 26. Bxd5 Qxd5 27. Kb1 Ne6
28. Nxh6 Nxf4 29. Qf5 Ne6 30. Nxf7+ Kg8 31. h6 Rxf7 32. h7+ Kg7 33. Qg4+ Kh8
34. Qg6 Rg7 35. Qf6 Rf8 36. Qh6 Qxe5 37. Rde1 Qf5+ 38. Ka1 Qg6 39. Rxe6 Qxh6
40. Rexh6 Rxg2 41. Rd6 Rg4 42. Rd7 Rb8 43. Kb1 Rg7 44. Rxd4 Rxh7 45. Rxh7+ Kxh7
46. Rd7+ Kg6 47. Kc2 Kf6 48. Kc3 Ke6 49. Rh7 Kd5 50. Kb4 c5+ 51. Kb5 c4 52. Rc7
Kd6 53. Rxc4 Kd7 54. Ra4 Ra8 55. Rh4 Rb8 56. Rh7+ Kd6 57. b4 Kd5 58. Rd7+ Ke6
59. Rc7 Kd6 60. Rc5 Kd7 61. Kc4 Rc8 62. Rxc8 Kxc8 63. Kb5 Kc7 64. a3 a6+ 65.
Kc5 b6+ 66. Kd5 Kd7 67. a4 Kc7 68. Ke6 Kc6 69. Ke5 Kd7 70. Kd5 Kc7 71. Ke5 Kd7
72. b5 axb5 73. axb5 Ke7 74. Kd5 Kd7 1/2-1/2

[Event "20. Torneo San Viator 2013"]
[Site "Madrid ESP"]
[Date "2013.05.19"]
[Round "6.31"]
[White "Mosteiro Montoro, Alvaro"]
[Black "Jimenez Perez, Federico"]
[Result "1-0"]
[WhiteElo "1680"]
[BlackElo "1323"]
[PlyCount "101"]
[EventDate "2013.04.07"]
[EventType "swiss"]
[EventRounds "9"]
[EventCountry "ESP"]
[Source "lmi"]
[SourceDate "2013.04.07"]

1. d4 d5 2. c4 Nf6 3. Nc3 e6 4. Nf3 Nbd7 5. e3 c6 6. a4 Bb4 7. Bd2 a5 8. Bd3
Nb6 9. c5 Nc4 10. Bxc4 dxc4 11. Ne5 O-O 12. Nxc4 Bxc3 13. bxc3 Qd5 14. Ne5 Qxg2
15. Qf3 Qxf3 16. Nxf3 Ne4 17. Ke2 Re8 18. Rhg1 Rb8 19. Rab1 Bd7 20. Ne5 Red8
21. Nc4 e5 22. Nxe5 Bf5 23. Rb6 Nf6 24. c4 Nd7 25. Nxd7 Bxd7 26. Bxa5 Ra8 27.
Bc3 g6 28. a5 Be6 29. Kd3 Rdb8 30. e4 Ra6 31. d5 Rxb6 32. cxb6 cxd5 33. exd5
Bf5+ 34. Kd4 h5 35. h4 f6 36. f4 Kf7 37. c5 Bg4 38. Re1 g5 39. fxg5 f5 40. Re6
Rd8 41. Rf6+ Kg7 42. d6 Re8 43. d7 Rd8 44. c6 bxc6 45. Rxc6 Rxd7+ 46. Kc5+ Kf7
47. Rc7 Rxc7+ 48. bxc7 f4 49. Be1 Bc8 50. Kb6 Ke7 51. a6 1-0

[Event "20. Torneo San Viator 2013"]
[Site "Madrid ESP"]
[Date "2013.05.19"]
[Round "6.33"]
[White "Guillo Sanchez-Galiano, Ernest"]
[Black "San Felipe Gonzalez, Tomas"]
[Result "0-1"]
[WhiteElo "1330"]
[BlackElo "1649"]
[PlyCount "34"]
[EventDate "2013.04.07"]
[EventType "swiss"]
[EventRounds "9"]
[EventCountry "ESP"]
[Source "lmi"]
[SourceDate "2013.04.07"]

1. d4 Nf6 2. Bf4 c5 3. e3 Nc6 4. Nf3 Qb6 5. b3 d6 6. h3 Bf5 7. c4 Nb4 8. Na3
Qa5 9. Nb5 Nc2+ 10. Ke2 Nxa1 11. Qxa1 Ne4 12. dxc5 Nxc5 13. Nfd4 Bd3+ 14. Kd1
Bxf1 15. Rxf1 e5 16. Nf5 Ne4 17. Bxe5 Qd2# 0-1

[Event "20. Torneo San Viator 2013"]
[Site "Madrid ESP"]
[Date "2013.05.19"]
[Round "6.44"]
[White "Reyes Penas, Sebastian"]
[Black "Trapero Bueno, Vicente"]
[Result "1-0"]
[WhiteElo "1415"]
[BlackElo "1330"]
[PlyCount "57"]
[EventDate "2013.04.07"]
[EventType "swiss"]
[EventRounds "9"]
[EventCountry "ESP"]
[Source "lmi"]
[SourceDate "2013.04.07"]

1. e4 c5 2. Nf3 e6 3. d4 cxd4 4. Nxd4 a6 5. Nc3 Qc7 6. Bd3 Nf6 7. Qe2 d6 8. O-O
g6 9. f4 e5 10. fxe5 dxe5 11. Nb3 Bg7 12. h3 O-O 13. Bg5 Nbd7 14. Qd2 h6 15.
Bxh6 Bxh6 16. Qxh6 b5 17. a3 Nh5 18. Nd2 Ndf6 19. g4 Bxg4 20. hxg4 Nxg4 21. Qg5
Qc5+ 22. Kg2 Ne3+ 23. Kh2 Nxf1+ 24. Rxf1 Nf4 25. Rxf4 Qe3 26. Rg4 Qxg5 27. Rxg5
Rfe8 28. Nd5 Re7 29. Nxe7+ 1-0

[Event "20. Torneo San Viator 2013"]
[Site "Madrid ESP"]
[Date "2013.05.19"]
[Round "6.45"]
[White "Olias Ruiz, Enrique"]
[Black "Perez Perez, Marta"]
[Result "0-1"]
[WhiteElo "1398"]
[BlackElo "1378"]
[PlyCount "184"]
[EventDate "2013.04.07"]
[EventType "swiss"]
[EventRounds "9"]
[EventCountry "ESP"]
[Source "lmi"]
[SourceDate "2013.04.07"]

1. e4 e5 2. Nf3 Nc6 3. Bb5 a6 4. Ba4 Nf6 5. d3 b5 6. Bb3 Bc5 7. c3 d5 8. Nbd2
Be6 9. Ng5 Bc8 10. h3 h6 11. Ngf3 Be6 12. Qe2 dxe4 13. Nxe4 Nxe4 14. Qxe4 Ne7
15. Nxe5 Bxb3 16. axb3 O-O 17. d4 Bd6 18. Nf3 Re8 19. O-O Ng6 20. Qg4 Qf6 21.
g3 Be7 22. Bd2 Red8 23. Rfe1 c5 24. Re4 Kf8 25. Rae1 cxd4 26. cxd4 a5 27. Bc3
b4 28. Bd2 a4 29. bxa4 Rxa4 30. b3 Ra3 31. R1e3 Ra1+ 32. Kh2 Ra7 33. h4 Bd6 34.
h5 Ne7 35. Rd3 Nf5 36. Bf4 Bxf4 37. Rxf4 Rd5 38. Ne5 g6 39. hxg6 fxg6 40. Nxg6+
Kf7 41. Ne5+ Ke6 42. Nc6 Rb7 43. Qg8+ Kd6 44. Qc8 Rc7 45. Qb8 Kxc6 46. Qa8+ Kd6
47. Re3 Rxd4 48. Rxd4+ Qxd4 49. Qd8+ Rd7 50. Qf8+ Ne7 51. Qxh6+ Kc7 52. Rf3 Qd2
53. Qh4 Qd5 54. Qf4+ Qd6 55. Qc4+ Qc6 56. Qf4+ Qd6 57. Qc1+ Nc6 58. Rf4 Qd2 59.
Qh1 Rh7+ 60. Rh4 Rxh4+ 61. gxh4 Qxf2+ 62. Kh3 Qe3+ 63. Kg2 Qe4+ 64. Kg1 Qe1+
65. Kg2 Qe4+ 66. Kg1 Qxh1+ 67. Kxh1 Kd7 68. h5 Ke7 69. Kh2 Nd4 70. Kh3 Nxb3 71.
Kg4 Kf7 72. Kg5 Kg7 73. h6+ Kh7 74. Kf5 Nd4+ 75. Ke4 b3 76. Kxd4 b2 77. Kd3
b1=Q+ 78. Kd4 Kxh6 79. Kd5 Qe1 80. Kd4 Kg5 81. Kd5 Kf4 82. Kd6 Kf5 83. Kd5 Qd1+
84. Kc6 Ke5 85. Kc5 Qc1+ 86. Kb4 Kd5 87. Kb3 Kd4 88. Kb4 Qb1+ 89. Ka5 Kc4 90.
Ka6 Kc5 91. Ka7 Kc6 92. Ka8 Qb7# 0-1

[Event "20. Torneo San Viator 2013"]
[Site "Madrid ESP"]
[Date "2013.05.26"]
[Round "7.1"]
[White "Unciti Juan, Javier"]
[Black "Cabanas Bravo, Juan Andres"]
[Result "0-1"]
[WhiteElo "2196"]
[BlackElo "2103"]
[PlyCount "66"]
[EventDate "2013.04.07"]
[EventType "swiss"]
[EventRounds "9"]
[EventCountry "ESP"]
[Source "lmi"]
[SourceDate "2013.04.07"]

1. e4 c5 2. b4 cxb4 3. Bb2 d5 4. exd5 Qxd5 5. c4 bxc3 6. Nxc3 Qa5 7. Bb5+ Bd7
8. Qh5 Bxb5 9. Nxb5 Nc6 10. Qe2 e6 11. Nf3 Nf6 12. O-O Be7 13. Bc3 Qd8 14. Rfc1
O-O 15. Rab1 Rc8 16. Ne5 Nxe5 17. Bxe5 Rxc1+ 18. Rxc1 a6 19. Nc3 b5 20. d4 Qa8
21. g4 Rc8 22. Rc2 Qc6 23. g5 Nd5 24. Bxg7 Nxc3 25. Qe3 Kxg7 26. d5 Qxd5 27.
Rxc3 Rxc3 28. Qxc3+ Kg6 29. h4 Qd1+ 30. Kh2 Qg4 31. Qd3+ Qf5 32. Qd2 Kh5 33.
Qd7 Qxf2+ 0-1

[Event "20. Torneo San Viator 2013"]
[Site "Madrid ESP"]
[Date "2013.05.26"]
[Round "7.2"]
[White "Garcia-Ruiz Fuentes, Angel M"]
[Black "Solaesa Navalpotro, Luis Julio"]
[Result "1/2-1/2"]
[WhiteElo "1952"]
[BlackElo "2249"]
[PlyCount "72"]
[EventDate "2013.04.07"]
[EventType "swiss"]
[EventRounds "9"]
[EventCountry "ESP"]
[Source "lmi"]
[SourceDate "2013.04.07"]

1. e4 e5 2. Nf3 Nc6 3. Bb5 Nd4 4. Nxd4 exd4 5. O-O Bc5 6. d3 c6 7. Qh5 d5 8.
Ba4 Ne7 9. Bb3 O-O 10. Bf4 Be6 11. Nd2 Qd7 12. Nf3 f6 13. h3 Kh8 14. Nd2 f5 15.
exd5 Nxd5 16. Bxd5 Bxd5 17. Nf3 Qe8 18. Qxe8 Rfxe8 19. Ne5 Re7 20. Rfe1 Rae8
21. Bg3 g5 22. f4 Bd6 23. Nf3 gxf4 24. Bh4 Rxe1+ 25. Rxe1 Rxe1+ 26. Nxe1 Kg7
27. b3 Kf7 28. Kf2 c5 29. Bg5 Kg6 30. Bd8 b5 31. Nf3 Be6 32. Ng1 Kf7 33. Ne2 h6
34. Bh4 b4 35. Bd8 Bd5 36. Bh4 Ke6 1/2-1/2

[Event "20. Torneo San Viator 2013"]
[Site "Madrid ESP"]
[Date "2013.05.26"]
[Round "7.3"]
[White "Renteria, Jorge"]
[Black "Julian Serra, Rogelio"]
[Result "1-0"]
[WhiteElo "2300"]
[BlackElo "2014"]
[PlyCount "75"]
[EventDate "2013.04.07"]
[EventType "swiss"]
[EventRounds "9"]
[EventCountry "ESP"]
[Source "lmi"]
[SourceDate "2013.04.07"]

1. d4 g6 2. e4 Bg7 3. Nf3 d6 4. c3 Nf6 5. Bd3 O-O 6. O-O c5 7. h3 Nc6 8. d5 Ne5
9. Nxe5 dxe5 10. Be3 b6 11. a4 c4 12. Be2 e6 13. dxe6 Bxe6 14. Qxd8 Rfxd8 15.
Na3 Bf8 16. Bg5 Kg7 17. Nb5 h6 18. Be3 Ne8 19. f4 Bc5 20. Bxc5 bxc5 21. f5 Bc8
22. Rfd1 Bb7 23. fxg6 fxg6 24. Rxd8 Rxd8 25. Nxa7 Rd2 26. Rd1 Rxd1+ 27. Bxd1
Nd6 28. Nb5 Nxb5 29. axb5 Kf6 30. Be2 Ke7 31. Bxc4 Bxe4 32. Kf2 Kd6 33. g3 g5
34. Ke3 Bb7 35. Bd3 Bg2 36. h4 Kd5 37. hxg5 hxg5 38. Be4+ 1-0

[Event "20. Torneo San Viator 2013"]
[Site "Madrid ESP"]
[Date "2013.05.26"]
[Round "7.4"]
[White "Ore Leon, Gustavo"]
[Black "Iturbide Arnedo, Oscar"]
[Result "0-1"]
[WhiteElo "1856"]
[BlackElo "2151"]
[PlyCount "114"]
[EventDate "2013.04.07"]
[EventType "swiss"]
[EventRounds "9"]
[EventCountry "ESP"]
[Source "lmi"]
[SourceDate "2013.04.07"]

1. Nf3 g6 2. d4 Bg7 3. c4 d6 4. Nc3 Bg4 5. e3 c5 6. Be2 cxd4 7. exd4 Nh6 8. h3
Bxf3 9. Bxf3 Nc6 10. Qa4 Qd7 11. Bxh6 Bxh6 12. Rd1 Bg7 13. Ne2 O-O 14. O-O Rfd8
15. Bg4 f5 16. Bf3 Nxd4 17. Bd5+ Kh8 18. Nc3 e6 19. Qxd7 Rxd7 20. Rxd4 Bxd4 21.
Bxe6 Re7 22. Bd5 Bxc3 23. bxc3 Rae8 24. a4 b6 25. Bc6 Rc8 26. Bb5 Kg7 27. Rd1
Rd8 28. a5 Kf6 29. g3 Rc7 30. Kg2 Rc5 31. axb6 axb6 32. Ra1 d5 33. Ra6 Rd6 34.
Ra7 dxc4 35. Be8 Rd8 36. Bd7 Ke5 37. Rb7 h6 38. h4 Rd5 39. Bc6 Rc5 40. Bf3 Rd6
41. Rh7 g5 42. hxg5 hxg5 43. Rh5 Rg6 44. Bb7 Rc7 45. Ba6 Ke4 46. Bb5 Kd3 47.
Rh3 Kxc3 48. g4+ Kb4 49. gxf5 Rf6 50. Be8 Rxf5 51. Bg6 Re5 52. Rh1 b5 53. Rb1+
Kc5 54. Kf3 b4 55. Be4 Rf7+ 56. Ke3 g4 57. Re1 Rxe4+ 0-1

[Event "20. Torneo San Viator 2013"]
[Site "Madrid ESP"]
[Date "2013.05.26"]
[Round "7.5"]
[White "Rosa Ramirez, Victor D"]
[Black "Gonzalez Mateos, Rafael"]
[Result "1/2-1/2"]
[WhiteElo "1945"]
[BlackElo "2110"]
[PlyCount "32"]
[EventDate "2013.04.07"]
[EventType "swiss"]
[EventRounds "9"]
[EventCountry "ESP"]
[Source "lmi"]
[SourceDate "2013.04.07"]

1. e4 e6 2. d4 d5 3. Nc3 Bb4 4. e5 Ne7 5. Qg4 c5 6. a3 Bxc3+ 7. bxc3 O-O 8. Bd3
c4 9. Bh6 Ng6 10. Bxg6 fxg6 11. Be3 Qe8 12. h4 Rf5 13. Qd1 h6 14. Ne2 Bd7 15.
Ng3 Rf8 16. h5 g5 1/2-1/2

[Event "20. Torneo San Viator 2013"]
[Site "Madrid ESP"]
[Date "2013.05.26"]
[Round "7.6"]
[White "Sierra Soria, Maria"]
[Black "Sotoca Aguado, Jose"]
[Result "1/2-1/2"]
[WhiteElo "1864"]
[BlackElo "1976"]
[PlyCount "131"]
[EventDate "2013.04.07"]
[EventType "swiss"]
[EventRounds "9"]
[EventCountry "ESP"]
[Source "lmi"]
[SourceDate "2013.04.07"]

1. e4 e6 2. d4 d5 3. Nd2 Nf6 4. e5 Nfd7 5. Bd3 c5 6. c3 Nc6 7. Ne2 Qb6 8. Nf3
Be7 9. O-O h6 10. Bb1 a5 11. Qd3 Qa6 12. Qe3 b5 13. Qf4 b4 14. Re1 Qb6 15. Qg4
g5 16. Qh5 Qd8 17. Kh1 cxd4 18. cxd4 Nb6 19. Nfg1 Ba6 20. f4 Rc8 21. f5 Qd7 22.
f6 Bf8 23. Bxg5 Nc4 24. Bc1 a4 25. Nf3 a3 26. b3 Nb2 27. Nf4 Nd8 28. Ng5 Rc6
29. Ng6 Rg8 30. Nxf8 Rxf8 31. Qxh6 Nd3 32. Qg7 Rxc1 33. Rxc1 Nxc1 34. Nh7 Qb5
35. Qxf8+ Kd7 36. Qd6+ Kc8 37. Qc5+ Qxc5 38. dxc5 Ne2 39. Ng5 Kd7 40. g4 d4 41.
Be4 Nc3 42. Bh7 Be2 43. h3 d3 44. Bxd3 Bxd3 45. Kg2 Kc6 46. h4 Kxc5 47. h5 Kd5
48. h6 Kxe5 49. h7 Bxh7 50. Nxh7 Kf4 51. g5 Kf5 52. Kf3 Nc6 53. Ke3 Nd5+ 54.
Kd3 Kg6 55. Rh1 Nc3 56. Rh2 Ne5+ 57. Kc2 Nxa2 58. Rh1 Nc3 59. Rh6+ Kf5 60. Rh1
a2 61. Kb2 Nd3+ 62. Kc2 Nc5 63. Kb2 Kg6 64. Rh6+ Kf5 65. Rh1 Kg6 66. Rh6+
1/2-1/2

[Event "20. Torneo San Viator 2013"]
[Site "Madrid ESP"]
[Date "2013.05.26"]
[Round "7.7"]
[White "Fernandez Garcia, Javier"]
[Black "Tolosana Esteban, Enrique"]
[Result "1-0"]
[WhiteElo "2028"]
[BlackElo "1754"]
[PlyCount "43"]
[EventDate "2013.04.07"]
[EventType "swiss"]
[EventRounds "9"]
[EventCountry "ESP"]
[Source "lmi"]
[SourceDate "2013.04.07"]

1. d4 Nf6 2. Nf3 e6 3. e3 b6 4. Bd3 Bb7 5. O-O c5 6. c4 d5 7. cxd5 Nxd5 8. Nc3
cxd4 9. exd4 Be7 10. Bb5+ Nd7 11. Nxd5 exd5 12. Ne5 Bc8 13. Nc6 Qc7 14. Re1 Qd6
15. Nxe7 Qxe7 16. Rxe7+ Kxe7 17. Bc6 Ba6 18. Bxd7 Bc4 19. b3 Kxd7 20. bxc4 dxc4
21. Qa4+ Kd6 22. Bf4+ 1-0

[Event "20. Torneo San Viator 2013"]
[Site "Madrid ESP"]
[Date "2013.05.26"]
[Round "7.8"]
[White "Moreno Zamora, Gregorio"]
[Black "Camarero Izquierdo, Juan Carlos"]
[Result "0-1"]
[WhiteElo "1725"]
[BlackElo "1934"]
[PlyCount "126"]
[EventDate "2013.04.07"]
[EventType "swiss"]
[EventRounds "9"]
[EventCountry "ESP"]
[Source "lmi"]
[SourceDate "2013.04.07"]

1. d4 f5 2. c4 e6 3. Nc3 Bb4 4. f3 Nf6 5. Bd2 Bxc3 6. Bxc3 d5 7. e3 Nc6 8. Bd3
O-O 9. Ne2 dxc4 10. Bxc4 Nd5 11. Qd2 Qg5 12. Bxd5 exd5 13. Nf4 Qh4+ 14. g3 Qd8
15. Nd3 b6 16. f4 a5 17. Rc1 Ba6 18. Ne5 Nxe5 19. fxe5 Qg5 20. Qf2 Qg4 21. h3
Qh5 22. Qg2 Kh8 23. Bd2 Bd3 24. Rh2 Be4 25. Qf2 Rac8 26. b4 axb4 27. Bxb4 c5
28. Bc3 b5 29. a3 b4 30. axb4 cxb4 31. Bd2 b3 32. Bc3 Ra8 33. Qg1 Rfc8 34. Rb2
Bc2 35. Kd2 Qxh3 36. Qf2 Qg4 37. Qf4 Qg6 38. Bb4 Qa6 39. Qf1 Rc4 40. Bc5 Qa5+
41. Ke2 Qc3 42. Rbxc2 bxc2 43. e6 Rxc5 44. dxc5 Ra3 45. Qf4 Qd3+ 46. Kf3 Qd1+
47. Kg2 Ra8 48. Qf1 Qd2+ 49. Kf3 d4 50. e7 Qxe3+ 51. Kg2 Qxe7 52. Qxf5 Qe2+ 53.
Qf2 Qe4+ 54. Qf3 Qxf3+ 55. Kxf3 d3 56. Ke3 Rc8 57. Kxd3 Rxc5 58. Rxc2 Rxc2 59.
Kxc2 Kg8 60. Kd3 Kf7 61. Ke4 Kg6 62. Kf4 Kh5 63. Kf5 g5 0-1